000 00829nam a22002177a 4500
001 0000525410
003 DO-SdBNP
005 20180309085853.0
008 160518b 2008 dr xxu||||| |||| 00| 0 spa d
040 _aBPMSU
_bspa
_cBPMSU
092 _axxxxx
_bxxxxx
245 0 0 _aProyecto ciudadano :
_bmanual para el / la estudiante /
_cadaptado por: Susana Doñé, Nerys García Cuevas ; prólogo Mu-Kien Adriana Sang.
260 _aSanto Domingo :
_bPontificia Universidad Católica Madre y Maestra :
_bProyecto para el Apoyo a Iniciativas Democráticas,
_c2008.
300 _a61 p. :
_bil. ;
_c28 cm.
700 1 _aGarcía Cuevas, Nerys
700 1 _aDoñé, Susana
700 1 2 _aSang, Mu-Kien Adriana,
_epról.
942 _2ddc
_cBK
945 _ainventariado, 2018 / dg
956 _2LOPEREZ
_310
_620160518
_8BPMSU
_a00041
999 _c10166
_d10166